| 000 | 01422cam a2200373 a 4500 | ||
|---|---|---|---|
| 001 | 1210061 | ||
| 003 | OSt | ||
| 005 | 20230619161336.0 | ||
| 008 | 981218s1998 nyua bs i000 0 eng d | ||
| 010 | _a 98232835 | ||
| 020 | _a9211614090 | ||
| 035 | _a(OCoLC)40097995 | ||
| 040 |
_aIL# _cIL# _dMIA _dDLC |
||
| 042 | _alccopycat | ||
| 082 |
_a305.2 _bUN |
||
| 086 | 0 |
_aST/ESA/STAT/SER.Y/9 _2undocs |
|
| 245 | 0 | 0 |
_aStatistical charts and indicators on the situation of youth, 1980-1995 / _cDepartment of Economic and Social Affairs, Statistics Division, Social Development Division. |
| 246 | 3 | 0 | _aYouth, 1980-1995 |
| 260 |
_aNew York : _bUnited Nations, _c1998. |
||
| 300 |
_aviii, 48, [1] p. : _bill. ; _c28 cm. |
||
| 440 | 0 |
_aStatistics on special population groups. _nSeries Y ; _vno. 9 |
|
| 504 | _aIncludes bibliographical references (p. [49]). | ||
| 650 | 0 |
_aYouth _xStatistics. |
|
| 650 | 0 |
_aYoung adults _xStatistics. |
|
| 650 | 0 |
_aYouth _xSocial conditions. |
|
| 650 | 0 |
_aYoung adults _xSocial conditions. |
|
| 650 | 0 |
_aYouth _xEconomic conditions. |
|
| 650 | 0 |
_aYoung adults _xEconomic conditions. |
|
| 710 | 2 |
_aUnited Nations. _bStatistical Division. |
|
| 710 | 2 |
_aUnited Nations. _bSocial Development Division. |
|
| 906 |
_a7 _bcbc _corignew _d2 _encip _f19 _gy-gencatlg |
||
| 942 |
_2ddc _cBK |
||
| 999 |
_c1421 _d1421 |
||